| 000 | 00763cam a22002291 4500 | ||
|---|---|---|---|
| 001 | gs 05001182 | ||
| 003 | DLC | ||
| 005 | 20260227111303.0 | ||
| 008 | 780420m18631866gw ab b 001 0 ger c | ||
| 010 | _ags 05001182 | ||
| 035 | _a(OCoLC)3817647 | ||
| 040 |
_aU.S.Geol.Survey Lib _cCU-S _dDLC |
||
| 042 | _apremarc | ||
| 050 | 0 | 0 |
_aQE26 _b.B61 1863 |
| 100 | 1 |
_aBischof, Gustav, _d1792-1870. |
|
| 245 | 1 | 0 |
_aLehrbuch der chemischen und physikalischen geologie _cvon Gustav Bischof. |
| 250 | _a2. ganzlich umgearb. aufl., in gedrängter kürze, mit zusätzen und verbesserungen. | ||
| 260 |
_aBonn, _bA. Marcus, _c1863-1866. |
||
| 300 |
_a3 v. _billus., l fold. col. map, diagrs. _c23 cm. |
||
| 504 | _aIncludes bibliographical footnotes. | ||
| 650 | 0 | _aGeology. | |
| 999 |
_c24361 _d24361 |
||